00500nam a2200157 a 4500001001000000003000900010005001700019007000300036008004100039040002500080082000700105100002800112245010000140260006800240300003400308000026673DO-SdBNP20220930102000.0ta110324s1939 dr ab 000 0 spa d aDO-SdBNPbspacBNPHU 42221 aInchaustegui, J. Marino10aGeografía descriptiva de la República Dominicana :bquinto curso /cJ. Marino Inchaustegui. aSantiago, República Dominicana :bEditorial el Diario,c1939. a106 p. :bil., map. ;c22 cm.